Sports Quiz

Random Sports or Football Quiz
Score 0/49 Timer 07:00
1 Play Today
TD(s) Receiver % Correct
67Reggie Wayne
94.5%
112Marvin Harrison
94%
36Demaryius Thomas
86.9%
24Julius Thomas
86.8%
44Dallas Clark
84.1%
11Edgerrin James
67.1%
13Emmanuel Sanders
66.3%
9Joseph Addai
62.5%
12Wes Welker
60.3%
10Pierre Garcon
59.9%
24Eric Decker
56.9%
15Austin Collie
50.2%
2C.J. Anderson
44.8%
20Brandon Stokley
43.8%
7Anthony Gonzalez
37.7%
9Jacob Tamme
35.3%
3Knowshon Moreno
34.6%
4Marshall Faulk
28.4%
4Dominic Rhodes
27.1%
1Ronnie Hillman
24.7%
1Virgil Green
24.2%
3Owen Daniels
23.9%
1Lance Ball
21.5%
5Blair White
21.2%
34Marcus Pollard
20.4%
TD(s) Receiver % Correct
2Ricky Williams
19%
3Andre Caldwell
13.5%
2E.G. Green
12.9%
2Ben Utecht
7.4%
6Joel Dreessen
7%
7Ken Dilger
6.5%
1Dan Klecko
5%
1Gijon Robinson
4.9%
3James Mungro
4.4%
6Jerome Pathon
4.2%
3Qadry Ismail
3.8%
5Bryan Fletcher
3.8%
1Aaron Moorehead
3.6%
7Terrence Wilkins
3.3%
4Troy Walters
2.9%
1Mitch Unrein
2.7%
1Tom Santi
2.3%
1Kenton Keith
2.1%
7Torrance Small
2.1%
1Jim Finn
2%
1Lamont Warren
1.5%
1Trevor Insley
1.2%
1Luke Lawton
1.2%
1Mike Roberg
1.1%
Remove Ads.
Support Sporcle.
Get the best of Sporcle when you Go Orange. This ad-free experience offers more features, more stats, and more fun while also helping to support Sporcle. Thank you for becoming a member.

You're not logged in!

Compare scores with friends on all Sporcle quizzes.
OR
Log In

Show Comments

Extras

Top Quizzes Today


Score Distribution

Your Account Isn't Verified!

In order to create a playlist on Sporcle, you need to verify the email address you used during registration. Go to your Sporcle Settings to finish the process.

Report this User

Report this user for behavior that violates our Community Guidelines.

Details: